<?xml version="1.0" encoding="UTF-8"?>
<record
    xmlns:xsi="http://www.w3.org/2001/XMLSchema-instance"
    xsi:schemaLocation="http://www.loc.gov/MARC21/slim http://www.loc.gov/standards/marcxml/schema/MARC21slim.xsd"
    xmlns="http://www.loc.gov/MARC21/slim">

  <leader>00700nam a22001817a 4500</leader>
  <controlfield tag="005">20231016130702.0</controlfield>
  <controlfield tag="008">231016b        mx ||||| |||| 00| 0 spa d</controlfield>
  <datafield tag="020" ind1=" " ind2=" ">
    <subfield code="a">9786124146343</subfield>
  </datafield>
  <datafield tag="050" ind1="0" ind2="4">
    <subfield code="a">KHQ2501 </subfield>
    <subfield code="b">M49 2013</subfield>
  </datafield>
  <datafield tag="100" ind1="1" ind2=" ">
    <subfield code="a">Meza Baz&#xE1;n, Mario Miguel</subfield>
  </datafield>
  <datafield tag="245" ind1="1" ind2="0">
    <subfield code="a">Justicia y poder en tiempos de violencia</subfield>
    <subfield code="b"> : orden, seguridad y autoridad en el Per&#xFA;, 1970-2000</subfield>
    <subfield code="c"> / Mario Meza Baz&#xE1;n</subfield>
  </datafield>
  <datafield tag="250" ind1=" " ind2=" ">
    <subfield code="a">1a ed. </subfield>
  </datafield>
  <datafield tag="260" ind1=" " ind2=" ">
    <subfield code="a">Lima, Per&#xFA; : </subfield>
    <subfield code="b">Fondo Editorial ; Pontificia Universidad Cat&#xF3;lica del Per&#xFA;, </subfield>
    <subfield code="c">2013</subfield>
  </datafield>
  <datafield tag="300" ind1=" " ind2=" ">
    <subfield code="a">203 paginas : </subfield>
    <subfield code="b">ilustraciones ; </subfield>
    <subfield code="c">20 cm. </subfield>
  </datafield>
  <datafield tag="650" ind1=" " ind2="7">
    <subfield code="2">lemb</subfield>
    <subfield code="a">Administraci&#xF3;n de justicia</subfield>
    <subfield code="z">Per&#xFA;</subfield>
    <subfield code="x">Historia</subfield>
  </datafield>
  <datafield tag="650" ind1=" " ind2="7">
    <subfield code="2">lemb</subfield>
    <subfield code="a">Poder judicial</subfield>
    <subfield code="z">Per&#xFA;</subfield>
  </datafield>
  <datafield tag="942" ind1=" " ind2=" ">
    <subfield code="2">lcc</subfield>
    <subfield code="c">LIB</subfield>
  </datafield>
  <datafield tag="999" ind1=" " ind2=" ">
    <subfield code="c">168647</subfield>
    <subfield code="d">168645</subfield>
  </datafield>
  <datafield tag="952" ind1=" " ind2=" ">
    <subfield code="1">0</subfield>
    <subfield code="2">lcc</subfield>
    <subfield code="4">0</subfield>
    <subfield code="7">0</subfield>
    <subfield code="a">INV-033</subfield>
    <subfield code="b">INV-033</subfield>
    <subfield code="c">GENERAL</subfield>
    <subfield code="d">2023-10-16</subfield>
    <subfield code="f">1a ed. </subfield>
    <subfield code="i">H</subfield>
    <subfield code="k">CSA</subfield>
    <subfield code="l">0</subfield>
    <subfield code="o">KHQ2501 M49 2013</subfield>
    <subfield code="p">IIH000035513</subfield>
    <subfield code="r">2023-10-16 00:00:00</subfield>
    <subfield code="t">1</subfield>
    <subfield code="v">1.00</subfield>
    <subfield code="y">LIB</subfield>
  </datafield>
</record>
